El corazón cambiante : (Registro nro. 29213)
[ vista simple ]
| 000 -LEADER | |
|---|---|
| fixed length control field | 02065nam a2200301 4500 |
| 003 - CONTROL NUMBER IDENTIFIER | |
| control field | OSt |
| 005 - DATE AND TIME OF LATEST TRANSACTION | |
| control field | 20221013151341.0 |
| 008 - FIXED-LENGTH DATA ELEMENTS--GENERAL INFORMATION | |
| fixed length control field | 220505s2007 ck ||||gr|||| 00| 0 spa d |
| 020 ## - INTERNATIONAL STANDARD BOOK NUMBER | |
| International Standard Book Number | 9789583019159 |
| 040 ## - CATALOGING SOURCE | |
| Original cataloging agency | CO-JMCR |
| Transcribing agency | CO-JMCR |
| 041 1# - LANGUAGE CODE | |
| Language code of text/sound track or separate title | spa |
| Language code of original | fre |
| 082 04 - DEWEY DECIMAL CLASSIFICATION NUMBER | |
| Classification number | 152.41 / |
| Item number | H519c |
| Edition number | 23 |
| 100 1# - MAIN ENTRY--PERSONAL NAME | |
| Personal name | Henriot, Jean-Marc |
| Dates associated with a name | autor |
| 9 (RLIN) | 42058 |
| 245 13 - TITLE STATEMENT | |
| Title | El corazón cambiante : |
| Remainder of title | pequeño manual de supervivencia afectiva / |
| Statement of responsibility, etc. | Jean-Marc Henriot ; traducción, Teresa Santos Rojas |
| 250 ## - EDITION STATEMENT | |
| Edition statement | Primera edición |
| 260 ## - PUBLICATION, DISTRIBUTION, ETC. | |
| Place of publication, distribution, etc. | Bogotá : |
| Name of publisher, distributor, etc. | Panamericana, |
| Date of publication, distribution, etc. | 2007. |
| 300 ## - PHYSICAL DESCRIPTION | |
| Extent | 342 páginas ; |
| Dimensions | 23 cm. |
| 490 0# - SERIES STATEMENT | |
| Series statement | Colección en armonía |
| 504 ## - BIBLIOGRAPHY, ETC. NOTE | |
| Bibliography, etc. note | Bibliografía: páginas 341-342 |
| 505 0# - FORMATTED CONTENTS NOTE | |
| Formatted contents note | La complejidad humana -- Fronteras -- Un sufrimiento de mujer -- El caballero en su armadura -- Paradojas del amor -- El arte del boxeo conyugal -- Pequeño manual de supervivencia -- El corazón cambiante -- Comunicación confusa -- Control de la violencia -- El verdugo interno -- Malestar-bienestar |
| 520 0# - SUMMARY, ETC. | |
| Summary, etc. | Triunfar en la vida consiste, también, en darnos la oportunidad de establecer relaciones felices con los demás y con nosotros mismos, para vivir en plenitud nuestros comportamientos afectivos. Eso necesita descifrar antes, nuestra complejidad psíquica y emocional aparente.<br/>Nuestra psiquis está constituida por distintas personalidades, fruto de nuestras experiencias; alberga desde el niño que fuimos, hasta las imágenes de nuestros padres y las figuras importantes de nuestra historia, los roles que desempeñamos, nuestros afectos, etc.<br/>El corazón cambiante nos muestra la posibilidad de administrar este increíble mosaico interno, que determina nuestras actitudes y que nos corresponde pues explorar y organizar, para evolucionar. |
| 546 ## - LANGUAGE NOTE | |
| Language note | Título original: Le caer métamorphe |
| 650 14 - SUBJECT ADDED ENTRY--TOPICAL TERM | |
| Topical term or geographic name entry element | Relaciones de pareja |
| General subdivision | Psicología |
| 9 (RLIN) | 42059 |
| 650 24 - SUBJECT ADDED ENTRY--TOPICAL TERM | |
| Topical term or geographic name entry element | Problemas de pareja |
| General subdivision | Psicología |
| 9 (RLIN) | 42060 |
| 650 24 - SUBJECT ADDED ENTRY--TOPICAL TERM | |
| Topical term or geographic name entry element | Paradojas del amor |
| General subdivision | Psicología |
| 9 (RLIN) | 42061 |
| 700 1# - ADDED ENTRY--PERSONAL NAME | |
| Personal name | Santos Rojas, Teresa, |
| Relator term | traductora |
| 9 (RLIN) | 42062 |
| 942 ## - ADDED ENTRY ELEMENTS (KOHA) | |
| Source of classification or shelving scheme | Dewey Decimal Classification |
| Koha item type | Books |
| Withdrawn status | Lost status | Source of classification or shelving scheme | Damaged status | Not for loan | Home library | Current library | Shelving location | Date acquired | Source of acquisition | Total Checkouts | Full call number | Barcode | Date due | Date last seen | Date last checked out | Copy number | Price effective from | Koha item type |
|---|---|---|---|---|---|---|---|---|---|---|---|---|---|---|---|---|---|---|
| Dewey Decimal Classification | Biblioteca Pública José María del Castillo y Rada | Biblioteca Pública José María del Castillo y Rada | Processing Center | Donación | 2 | 152.41 / H519c | 201811542 | 12/14/2022 | 12/05/2022 | 12/05/2022 | Ej.1 | 05/05/2022 | Books |